banner-ar

قيديريكو غرسية لوركا الاعمال الشعرية الكاملة (المجلد الاول) / (Record no. 52181)

MARC details
000 -الفاتح
حقل البيانات ثابتة الطول 00671nam a2200181Ia 4500
008 - عناصر البيانات ثابتة الطول - معلومات عامة
حقل البيانات ثابتة الطول 140319s9999 xx 000 0 ara d
040 ## - مصدر الفهرسة
وكالة الفهرسة الأصلية GCL /
وكالة النسخ GCL
082 04 - رقم تصنيف ديوى العشرى
رقم التصنيف 861
رقم المادة م ق
100 1# - المدخل الرئيسى - إسم شخصى
الإسم الشخصى محمود على مكى \\=aلوركا، فيدريكوغرسيةv
245 10 - بيان العنوان
العنوان قيديريكو غرسية لوركا الاعمال الشعرية الكاملة (المجلد الاول) /
بيان المسئوليه,etc محمود على مكى
300 ## - الوصف المادى
التعداد 389 ص
490 ## - بيان السلسلة
عنوان السلسلة المجلس الاعلى للثقافة
رقم المجلد/ التعيين التسلسلي 0
650 04 - المدخل الاضافى بالموضوع-مصطلح موضوعى
مصطلح موضوعي الادب الاسبانى
650 04 - المدخل الاضافى بالموضوع-مصطلح موضوعى
مصطلح موضوعي الشعر الغنائى
650 04 - المدخل الاضافى بالموضوع-مصطلح موضوعى
مصطلح موضوعي الشعر الاسبانى المترجم
942 ## - عناصر المدخل الإضافي( كوها)
مصدر التصنيف او مخطط الترفيف Dewey Decimal Classification
Koha [default] item type كتاب
Holdings
حالة التراجع حالة الفقد حالة تلف ليس للاعارة المكان المؤقت الموقع الحالى تاريخ الاكتساب اجمالي اﻻعارات رقم الطلب الباركود تاريخ اخر مشاهدة تاريخ تفعيل السعر نوع وعاء كوها
        مكتبة القاهرة الكبرى مكتبة القاهرة الكبرى 03/26/2014   861\م ق 124909 03/26/2014 03/26/2014 كتاب

Powered By

EGPV